00822nam a2200229 a 450000100060000000300080000600500170001400800410003102000320007203500190010404000350012304100080015808200300016610000320019624501230022826000350035130000290038650400420041565000770045765000370053470000210057174274BD-RjUL20211209082529.0180513s2016bg a|||| b||| 00| 0 eng d a9789843410754c: Tk. 300.00 a(BD-RjUL)74492 aBD-RjULbengcBD-RjULdBD-RjUL aeng 223a303.6095492bRAU 20161 aRahman, Tareque M. Taufuqur1 aUpazila Chairman & Local MP's Conflict Devices to Accommodate /cDr. Tareque M. Taufiqur Rahman and Dr. Md. Habibullah aDhaka :bKT3 Publishers,c2016 a138 p. :bill. ;c20 cm. aIncludes bibliographies and appendix. aরাজনৈতিক সহিংসতাzবাংলাদেশ aPolitical violencezBangladesh. 1 aHabibullah, Md.